| 000 | 02313nam a22003617a 4500 | ||
|---|---|---|---|
| 999 |
_c21841 _d21841 |
||
| 003 | AR-CdUCM | ||
| 008 | 190425b ||||| |||| 00| 0 spa d | ||
| 040 |
_aMUNICIPALIDAD PROVINCIAL DEL CUSCO _cBIBLIOTECA MUNICIPAL DEL CUSCO |
||
| 082 | _aRev.Andi/N°18/1991 | ||
| 110 |
_aCentro Bartolomé de Las Casas _93293 |
||
| 245 |
_aRevista andina / _cCentro de estudios rurales andinos Bartolomé de Las Casas Cusco |
||
| 260 |
_aCusco : _bCentro Bartolomé de Las Casas, _c1991. |
||
| 300 |
_a299-564 páginas. : _c23 cm. |
||
| 440 |
_aPublicación Semestral del Centro Bartolomé de Las Casas Cusco. _nAño 9, Número 18, N°2, Segundo semestre 1991. _946373 |
||
| 500 | _aAndes los años 80/90 Estudios andinos en Japón historiografía andina en ingles. | ||
| 505 | _aContenido: El retorno del indio. Xavier Albó. -- Las líneas de Nazca una nueva síntesis de datos de la Pampa y de los Valles. Anthony Aveni, Helaine Silverman. -- Un texto desconocido del quechua costeño (s. XVI). Rodolfo Cerrón-Palomino. -- La plástica colonial y sus relaciones con la gran rebelión. Juan Carlos Estenssoro. -- Minas ecuatorianas de principios del siglo XIX, sanguijuelas y holgazanes. Frédérique Langue. -- Nueva lectura del libro de las huacas la edición del manuscrito de Huarochirí de Gerald Taylor (1987). Frank Salomon. -- Estudios andinos en Japón en los años 80 balance y perspectivas. Takahiro Kato. -- Historiografía en inglés sobre los Andes balance de la década del 80. -- Notas y correcciones al artículo Reconsideración del llamado ‘quechua costeños’ de Rodolfo Cerrón-Palomino (Aparecido en Revista Andina N°16, Año 8, N°2, diciembre 1990). Rodolfo Cerrón-Palomino | ||
| 650 |
_aCultura Nazca _945200 |
||
| 650 |
_aQuechua costeño _946362 |
||
| 650 |
_aArte colonial _913403 |
||
| 650 |
_aMinas ecuatorianas _946374 |
||
| 650 |
_aManuscrito de Huarochirí _946375 |
||
| 650 |
_aHistoriografía andina _946376 |
||
| 700 |
_aAlbó, Xavier _946377 |
||
| 700 |
_aAveni, Anthony _946378 |
||
| 700 |
_aSilverman, Helaine _946327 |
||
| 700 |
_aCerrón Palomino, Rodolfo _97429 |
||
| 700 |
_aEstenssoro, Juan Carlos _93244 |
||
| 700 |
_aLangue, Frédérique _946379 |
||
| 700 |
_aSalomon, Frank _944938 |
||
| 700 |
_aKato, Takahiro _946380 |
||
| 942 |
_2ddc _cPP |
||
| 945 | _arac | ||